[Event "XVIII Festival A"]
[Site "Campobasso ITA"]
[Date "2011.07.23"]
[Round "3"]
[White "Gaponenko, Inna"]
[Black "Ionescu, Doru-Alexandru"]
[Result "1-0"]
[WhiteElo "2442"]
[BlackElo "2376"]
[PlyCount "63"]
[EventDate "2011.07.22"]

1. e4 g6 2. d4 c6 3. Nc3 d6 4. f4 d5 5. e5 h5 6. Nf3 Bg4 7. h3 Bxf3 8. Qxf3 e6
9. Be3 h4 10. Bd3 Nh6 11. O-O Nd7 12. Ne2 Nf5 13. Bf2 Be7 14. b3 Kf8 15. c4 Ba3
16. b4 Bxb4 17. Rfb1 Ba5 18. Rxb7 Kg7 19. Bxf5 gxf5 20. Qa3 Nf8 21. Rc1 Ng6 22.
cxd5 cxd5 23. Rc6 Qe8 24. Rd6 Bb6 25. Rdd7 Rf8 26. g4 Rd8 27. Qd6 Rxd7 28. Rxd7
Kh6 29. gxf5 exf5 30. Bxh4 Qc8 31. Bg5+ Kh7 32. Qxd5 1-0

[Event "XVIII Festival A"]
[Site "Campobasso ITA"]
[Date "2011.07.23"]
[Round "3"]
[White "Gatti, Francesco"]
[Black "Bottega, Antonio"]
[Result "0-1"]
[WhiteElo "1790"]
[BlackElo "1959"]
[PlyCount "94"]
[EventDate "2011.07.22"]

1. e4 e6 2. d4 d5 3. Nc3 Nf6 4. Bg5 Be7 5. e5 Nfd7 6. Bxe7 Qxe7 7. Nf3 a6 8.
Bd3 c5 9. Qd2 cxd4 10. Nxd4 Nxe5 11. Be2 Nbc6 12. O-O-O O-O 13. f4 Nxd4 14.
Qxd4 Nc6 15. Qe3 d4 16. Rxd4 Nxd4 17. Qxd4 Rd8 18. Qf2 Bd7 19. Bd3 Bc6 20. Re1
Qf6 21. g4 Qd4 22. Qg3 Rac8 23. Kb1 b5 24. Qh3 g6 25. f5 exf5 26. gxf5 b4 27.
fxg6 hxg6 28. Ne2 Qf2 29. Rf1 Qg2 30. Qxg2 Bxg2 31. Rg1 Bb7 32. b3 Rc5 33. Rf1
Rh5 34. Rf2 Kg7 35. Ng3 Rh4 36. Kb2 Rdh8 37. Nf1 Rd8 38. a3 a5 39. axb4 axb4
40. Ne3 Rdd4 41. Bc4 Rhf4 42. Re2 Rfe4 43. c3 bxc3+ 44. Kxc3 f5 45. Ra2 Rd7 46.
Ng2 f4 47. Rf2 f3 0-1

[Event "XVIII Festival A"]
[Site "Campobasso ITA"]
[Date "2011.07.23"]
[Round "3"]
[White "Gromovs, Sergejs"]
[Black "Meijers, Viesturs"]
[Result "1-0"]
[WhiteElo "2303"]
[BlackElo "2492"]
[PlyCount "47"]
[EventDate "2011.07.22"]

1. d4 Nf6 2. c4 e6 3. Nf3 b6 4. a3 Bb7 5. Nc3 Be7 6. d5 d6 7. e4 O-O 8. Bd3
Nbd7 9. O-O c6 10. dxe6 fxe6 11. b4 e5 12. Ng5 Qc8 13. c5 d5 14. exd5 cxd5 15.
Bf5 h6 16. Be6+ Kh8 17. Nf7+ Kh7 18. Nxe5 Qe8 19. Qd3+ g6 20. Qh3 h5 21. Qe3 g5
22. Qxg5 Ng4 23. Bf5+ Kh8 24. Ng6+ 1-0

[Event "XVIII Festival A"]
[Site "Campobasso ITA"]
[Date "2011.07.22"]
[Round "3"]
[White "Ikonnikov, Vyacheslav"]
[Black "Mrdja, Milan"]
[Result "1-0"]
[WhiteElo "2553"]
[BlackElo "2389"]
[PlyCount "72"]
[EventDate "2011.07.22"]

1. d4 Nf6 2. Nf3 d5 3. c4 c6 4. Nc3 g6 5. e3 Bg7 6. Bd2 O-O 7. Qb3 e6 8. Be2
Nbd7 9. O-O Nb6 10. Rfd1 dxc4 11. Bxc4 Nxc4 12. Qxc4 Qe7 13. e4 b5 14. Qe2 b4
15. Na4 a5 16. e5 Nd7 17. Bg5 Qe8 18. Qe3 f6 19. Bh6 Bxh6 20. Qxh6 Ba6 21. exf6
Nxf6 22. Re1 Bc4 23. Nb6 Bd5 24. Nxa8 Qxa8 25. Ng5 Qa7 26. Qh4 Qd7 27. Qg3 Re8
28. a3 b3 29. Qc3 a4 30. f3 Re7 31. Ne4 Ne8 32. Re3 Kg7 33. Nc5 Qc7 34. Rae1
Nf6 35. Re5 Qc8 36. h3 Ne8 1-0

[Event "XVIII Festival A"]
[Site "Campobasso ITA"]
[Date "2011.07.23"]
[Round "3"]
[White "Kizov, Atanas"]
[Black "Valsecchi, Alessio"]
[Result "1/2-1/2"]
[WhiteElo "2393"]
[BlackElo "2354"]
[PlyCount "38"]
[EventDate "2011.07.22"]

1. d4 Nf6 2. c4 e6 3. Nf3 d5 4. g3 Be7 5. Bg2 O-O 6. Qc2 dxc4 7. Nbd2 b5 8. a4
b4 9. Nxc4 Bb7 10. O-O Be4 11. Qd1 Nbd7 12. Bg5 c5 13. Nfe5 Bxg2 14. Kxg2 Rc8
15. dxc5 Nxe5 16. Nxe5 Rxc5 17. Bxf6 Bxf6 18. Nd7 Rd5 19. Nxf6+ Qxf6 1/2-1/2

[Event "XVIII Festival A"]
[Site "Campobasso ITA"]
[Date "2011.07.23"]
[Round "3"]
[White "Lattanzio, Savino"]
[Black "Petruccioli, Antonio"]
[Result "1-0"]
[WhiteElo "2061"]
[BlackElo "2104"]
[PlyCount "77"]
[EventDate "2011.07.22"]

1. e4 c5 2. c3 e6 3. d4 d5 4. e5 Nc6 5. Nf3 f6 6. exf6 Nxf6 7. Bd3 cxd4 8. cxd4
Bd6 9. O-O O-O 10. Nc3 Bd7 11. Bg5 Qe8 12. Ne2 Ne4 13. Ng3 Nxg5 14. Nxg5 h6 15.
Nf3 Rf4 16. Re1 Qf7 17. Bb5 Rf8 18. a3 g5 19. Bxc6 Bxc6 20. Nh1 Qf6 21. b4 a5
22. Ne5 Be8 23. Rb1 axb4 24. axb4 Bxe5 25. Rxe5 Bd7 26. Rb2 Ra8 27. Ng3 Qg6 28.
h3 Ra3 29. Ne2 Rd3 30. Qc2 Rf6 31. Rb3 Rxb3 32. Qxb3 Rf8 33. Qg3 Qb1+ 34. Kh2
Qxb4 35. f4 Rf5 36. fxg5 h5 37. Rxf5 exf5 38. Qe5 Qe1 39. g6 1-0

[Event "XVIII Festival A"]
[Site "Campobasso ITA"]
[Date "2011.07.23"]
[Round "3"]
[White "Ljubisavljevic, Zivojin Z."]
[Black "Grasso, Nino"]
[Result "1-0"]
[WhiteElo "2214"]
[BlackElo "1987"]
[PlyCount "101"]
[EventDate "2011.07.22"]

1. d4 Nf6 2. c3 d5 3. Bg5 Ne4 4. Bf4 c5 5. e3 cxd4 6. exd4 Qb6 7. Qb3 Qf6 8.
Be3 e6 9. Nf3 Nc6 10. Nbd2 Nxd2 11. Bxd2 Qg6 12. Qb5 Be7 13. Qd3 Qxd3 14. Bxd3
O-O 15. O-O a6 16. b4 Bf6 17. Rfe1 Bd7 18. a4 Rfe8 19. Bf4 h6 20. Bd6 g5 21. h3
h5 22. Nd2 e5 23. b5 axb5 24. axb5 Rxa1 25. Rxa1 Nd8 26. dxe5 Bxe5 27. Bxe5
Rxe5 28. Nf3 Re8 29. Nxg5 Ne6 30. Nxe6 Rxe6 31. Kf1 Kf8 32. Ra8+ Ke7 33. Rh8
Kd6 34. Rxh5 Kc5 35. c4 Rd6 36. Be2 f5 37. cxd5 Rxd5 38. Rh7 Kb4 39. g4 fxg4
40. hxg4 b6 41. f4 Rd4 42. Rf7 Bxb5 43. Bxb5 Kxb5 44. g5 Kc4 45. g6 Rd6 46. f5
Rd4 47. g7 Rg4 48. f6 b5 49. Rf8 b4 50. g8=Q+ Rxg8 51. Rxg8 1-0

[Event "XVIII Festival A"]
[Site "Campobasso ITA"]
[Date "2011.07.23"]
[Round "3"]
[White "Marmili, Giulio"]
[Black "Di Lascio, Savino"]
[Result "1-0"]
[WhiteElo "2165"]
[BlackElo "1982"]
[PlyCount "51"]
[EventDate "2011.07.22"]

1. Nf3 Nf6 2. g3 b5 3. Bg2 Bb7 4. O-O g6 5. b3 Bg7 6. Bb2 O-O 7. a4 a6 8. c4 b4
9. d4 a5 10. Nbd2 d6 11. Re1 Nbd7 12. Qc2 Re8 13. e4 e5 14. c5 Ba6 15. c6 Nf8
16. dxe5 dxe5 17. Nxe5 Nh5 18. Ndc4 Qe7 19. Rad1 Red8 20. Rd5 f6 21. Nf3 Rxd5
22. exd5 Qc5 23. d6 Bxc4 24. d7 Qxc6 25. Nd4 Qxd7 26. Qxc4+ 1-0

[Event "XVIII Festival A"]
[Site "Campobasso ITA"]
[Date "2011.07.23"]
[Round "3"]
[White "Molinari, Carlo"]
[Black "Della Rocca, Giuseppe"]
[Result "1/2-1/2"]
[WhiteElo "1987"]
[BlackElo "1866"]
[PlyCount "104"]
[EventDate "2011.07.22"]

1. d4 Nf6 2. Nf3 e6 3. c4 c5 4. g3 cxd4 5. Nxd4 Qc7 6. b3 a6 7. Bg2 Be7 8. O-O
O-O 9. Bb2 Nc6 10. Nf3 b6 11. Nbd2 Bb7 12. Rc1 Rac8 13. e4 d6 14. Qe2 e5 15.
Rfd1 Nd8 16. Ne1 Ne6 17. Nc2 Rfe8 18. Nb1 Nc5 19. Nc3 Bf8 20. Nb4 Ne6 21. Nbd5
Qd8 22. Bh3 Nxd5 23. Nxd5 Bxd5 24. Rxd5 Qg5 25. Qg4 Qxg4 26. Bxg4 Rc5 27. Rcd1
Rxd5 28. Rxd5 Nc5 29. Bf3 g6 30. Rd2 f5 31. exf5 gxf5 32. Bd5+ Kg7 33. f4 Kg6
34. h4 h5 35. fxe5 dxe5 36. Bc6 Re6 37. Bd5 Re8 38. b4 Ne4 39. Bxe4 fxe4 40. a3
Rc8 41. Bxe5 Rxc4 42. Kf2 Kf5 43. Bf4 Be7 44. Ke2 Bxh4 45. Rd5+ Kg4 46. gxh4
Kxf4 47. Rxh5 Rc2+ 48. Kd1 Ra2 49. Rh6 Rxa3 50. Rxb6 Kg4 51. Rf6 e3 52. Rh6 Kf3
1/2-1/2

[Event "XVIII Festival A"]
[Site "Campobasso ITA"]
[Date "2011.08.23"]
[Round "3"]
[White "Pescatore, Lorenzo"]
[Black "Kunin, Vitaly"]
[Result "0-1"]
[WhiteElo "2121"]
[BlackElo "2562"]
[PlyCount "65"]
[EventDate "2011.07.22"]

1. e4 c5 2. c3 Nf6 3. e5 Nd5 4. d4 cxd4 5. Nf3 e6 6. cxd4 b6 7. Nc3 Nxc3 8.
bxc3 Qc7 9. Bd2 d6 10. Bd3 h6 11. O-O Nd7 12. Qe2 Bb7 13. Bf4 Rc8 14. Rac1 Bxf3
15. Qxf3 dxe5 16. Bxe5 Nxe5 17. dxe5 Ba3 18. Bb5+ Ke7 19. Rcd1 Rhd8 20. Qe4 Kf8
21. Rd3 Rxd3 22. Bxd3 Qxc3 23. Qh7 Rd8 24. Bc2 Qxe5 25. Bb3 Bc5 26. g3 a5 27.
Kg2 Rd2 28. Qh8+ Ke7 29. Qa8 Qf5 30. Qb7+ Kf6 31. Bc4 Rxf2+ 32. Rxf2 Qxf2+ 33.
Kh3 0-1

[Event "XVIII Festival A"]
[Site "Campobasso ITA"]
[Date "2011.07.23"]
[Round "3"]
[White "Rossetti, Giovanni"]
[Black "Galasso, Luigi"]
[Result "1/2-1/2"]
[WhiteElo "1891"]
[BlackElo "2030"]
[PlyCount "21"]
[EventDate "2011.07.22"]

1. e4 c5 2. Nf3 d6 3. g3 Nc6 4. Bg2 Nf6 5. d3 g6 6. O-O Bg7 7. Re1 O-O 8. Nbd2
Bg4 9. c3 Qd7 10. Qc2 Bh3 11. Nf1 1/2-1/2

[Event "XVIII Festival A"]
[Site "Campobasso ITA"]
[Date "2011.07.23"]
[Round "3"]
[White "Stromboli, Carlo"]
[Black "Stromboli, Ettore"]
[Result "1/2-1/2"]
[WhiteElo "2304"]
[BlackElo "2304"]
[PlyCount "37"]
[EventDate "2011.07.22"]

1. b3 e5 2. Bb2 d6 3. g3 Nf6 4. Bg2 g6 5. d3 Bg7 6. Nf3 O-O 7. O-O Nc6 8. Nbd2
h6 9. c4 Be6 10. c5 Qd7 11. cxd6 cxd6 12. Ba3 b5 13. Rc1 Rac8 14. Re1 Rfe8 15.
Ne4 b4 16. Bb2 Nd5 17. Ned2 Nc3 18. Bxc3 bxc3 19. Ne4 1/2-1/2

[Event "XVIII Festival A"]
[Site "Campobasso ITA"]
[Date "2011.07.23"]
[Round "3"]
[White "Vespe, Francesco"]
[Black "Colucci, Stefano"]
[Result "0-1"]
[WhiteElo "2012"]
[BlackElo "1903"]
[PlyCount "64"]
[EventDate "2011.07.22"]

1. d4 Nf6 2. c4 e6 3. Nf3 b6 4. g3 Bb7 5. Bg2 Be7 6. O-O O-O 7. Nc3 Ne4 8. Qc2
f5 9. Ne5 d5 10. Nxe4 dxe4 11. Rd1 Bf6 12. f4 exf3 13. Nxf3 Be4 14. Qb3 a5 15.
Bf4 Na6 16. Be5 Nb4 17. Rac1 Be7 18. a3 a4 19. Qe3 Nc6 20. Qc3 Bf6 21. Bxf6
Qxf6 22. d5 Na5 23. dxe6 Qxe6 24. Ng5 Qc6 25. Nxe4 fxe4 26. Rd4 Rae8 27. Rd5
Nb3 28. Rcd1 Nc5 29. Rf1 Qh6 30. Qc2 Rxf1+ 31. Kxf1 Qxh2 32. Rf5 Rd8 0-1

[Event "XVIII Festival A"]
[Site "Campobasso ITA"]
[Date "2011.07.23"]
[Round "4"]
[White "Bottega, Antonio"]
[Black "Colucci, Stefano"]
[Result "1-0"]
[WhiteElo "1959"]
[BlackElo "1903"]
[PlyCount "95"]
[EventDate "2011.07.22"]

1. e4 e6 2. d3 d5 3. Nc3 c5 4. g3 Nc6 5. Bg2 d4 6. Nce2 e5 7. Nh3 Be7 8. a3 Nf6
9. f3 Bd7 10. Bd2 Qc7 11. Rb1 O-O 12. O-O Rac8 13. f4 b5 14. f5 c4 15. Nf2 Bc5
16. g4 b4 17. axb4 Bxb4 18. g5 Ne8 19. dxc4 Bxd2 20. Qxd2 a5 21. b3 Nd6 22. Ng3
f6 23. gxf6 Rxf6 24. Ng4 Rff8 25. Nh5 Be8 26. Qg5 Bxh5 27. Qxh5 Ne8 28. Rf3 Nf6
29. Nxf6+ Rxf6 30. Rg3 Nb4 31. Qg5 Kh8 32. Qd2 Na2 33. Kh1 Nc3 34. Rg1 Qb7 35.
Rg4 a4 36. bxa4 Nxa4 37. Qg5 Nc3 38. Bf3 Rcf8 39. Qxg7+ Qxg7 40. Rxg7 R6f7 41.
Rxf7 Rxf7 42. Kg2 Kg7 43. Kf2+ Kf6 44. Ra1 Rc7 45. Ra6+ Kg5 46. Kg3 Nxe4+ 47.
Bxe4 Rxc4 48. h4+ 1-0

[Event "XVIII Festival A"]
[Site "Campobasso ITA"]
[Date "2011.07.23"]
[Round "4"]
[White "Bove, Raffaele"]
[Black "Chicco, Giancarlo"]
[Result "1-0"]
[WhiteElo "1905"]
[BlackElo "1457"]
[PlyCount "65"]
[EventDate "2011.07.22"]

1. b3 b6 2. Bb2 Bb7 3. c4 Nf6 4. d4 g6 5. d5 Bg7 6. e4 d6 7. f4 O-O 8. Nf3 Nxe4
9. Bxg7 Kxg7 10. Qd4+ Nf6 11. Nbd2 Kg8 12. Bd3 Na6 13. Rd1 c5 14. Qc3 Nb4 15.
Bb1 a5 16. a3 Na6 17. f5 Bc8 18. Nh4 Ra7 19. O-O g5 20. Qg3 h6 21. Nhf3 Nh7 22.
Rde1 f6 23. Nh4 Rf7 24. Ng6 Nf8 25. Qf3 Nxg6 26. fxg6 Rf8 27. g7 Kxg7 28. Qd3
f5 29. Re6 Bxe6 30. dxe6 Rf6 31. Rxf5 Qf8 32. Rxg5+ hxg5 33. Qh7# 1-0

[Event "XVIII Festival A"]
[Site "Campobasso ITA"]
[Date "2011.07.23"]
[Round "4"]
[White "Capozzi, Virgilio"]
[Black "Rossetti, Giovanni"]
[Result "0-1"]
[WhiteElo "2029"]
[BlackElo "1891"]
[PlyCount "50"]
[EventDate "2011.07.22"]

1. d4 d5 2. c4 Nf6 3. cxd5 Nxd5 4. Nf3 Bf5 5. Nc3 Nxc3 6. bxc3 e6 7. g3 Be7 8.
Bg2 c6 9. O-O h6 10. Ne5 O-O 11. e4 Bh7 12. Rb1 b5 13. Qe2 Qc7 14. Bf4 Bd6 15.
Nd3 Bxf4 16. gxf4 Nd7 17. Ne5 a6 18. Rbd1 Rad8 19. Rd2 c5 20. Rfd1 c4 21. a4
Nb6 22. axb5 axb5 23. d5 exd5 24. exd5 Na4 25. Qf3 Rd6 0-1

[Event "XVIII Festival A"]
[Site "Campobasso ITA"]
[Date "2011.07.23"]
[Round "4"]
[White "Della Rocca, Giuseppe"]
[Black "Vespe, Francesco"]
[Result "0-1"]
[WhiteElo "1866"]
[BlackElo "2012"]
[PlyCount "56"]
[EventDate "2011.07.22"]

1. c4 e6 2. Nc3 Nf6 3. Nf3 b6 4. g3 Bb7 5. Bg2 d6 6. O-O Nbd7 7. d4 Be7 8. Bd2
O-O 9. Re1 c5 10. e4 cxd4 11. Nxd4 Nc5 12. Qe2 a6 13. Rad1 Qc7 14. Nc2 Rac8 15.
Bf4 Rfd8 16. b4 Ncd7 17. e5 Bxg2 18. exd6 Bxd6 19. Bxd6 Qc6 20. Ne3 Bf3 21. Qd3
Bxd1 22. Rxd1 Ne5 23. Ncd5 Nxd3 24. Ne7+ Kh8 25. Nxc6 Rxc6 26. Be7 Rd7 27. b5
axb5 28. cxb5 Rc3 0-1

[Event "XVIII Festival A"]
[Site "Campobasso ITA"]
[Date "2011.07.23"]
[Round "4"]
[White "Di Lascio, Savino"]
[Black "Di Meo, Antonio"]
[Result "0-1"]
[WhiteElo "1982"]
[BlackElo "1978"]
[PlyCount "62"]
[EventDate "2011.07.22"]

1. Nf3 d6 2. g3 g6 3. h4 h5 4. Nc3 Nf6 5. d3 Bg7 6. Bg5 c6 7. Qd2 Bg4 8. O-O-O
b5 9. a3 Nbd7 10. Nd4 c5 11. Nc6 Qb6 12. Bg2 Be6 13. Qe3 Ng4 14. Qf3 Bf6 15.
Bxf6 Ndxf6 16. Nd4 Rc8 17. Nxe6 fxe6 18. Rdf1 b4 19. axb4 cxb4 20. Nb1 Qc5 21.
c3 bxc3 22. bxc3 Nd5 23. d4 Qa5 24. Qd3 Nxc3 25. Qxg6+ Kd7 26. Qg5 Na2+ 27. Kb2
Qb4+ 28. Ka1 Rc2 29. Bc6+ Kxc6 30. d5+ exd5 31. Qc1 Nxc1 0-1

[Event "XVIII Festival A"]
[Site "Campobasso ITA"]
[Date "2011.07.23"]
[Round "4"]
[White "Distaso, Antonio"]
[Black "Cangiano, Federico"]
[Result "0-1"]
[WhiteElo "2022"]
[BlackElo "1957"]
[PlyCount "76"]
[EventDate "2011.07.22"]

1. e4 e6 2. d4 d5 3. Nd2 Nf6 4. e5 Nfd7 5. Bd3 c5 6. c3 Nc6 7. Ne2 cxd4 8. cxd4
f6 9. exf6 Nxf6 10. Nf3 Bd6 11. O-O Qc7 12. Bg5 O-O 13. Bh4 Bd7 14. Bg3 Rac8
15. Nc3 a6 16. Re1 Bxg3 17. hxg3 Qd6 18. Na4 Nb4 19. Nc5 Nxd3 20. Qxd3 Rc7 21.
Re2 Bb5 22. Rxe6 Qxc5 23. Qe3 Qc2 24. b3 Qb2 25. Qe1 Ne4 26. a4 Be8 27. Re5 Qc3
28. Qd1 Bf7 29. Rb1 Rfc8 30. Qf1 Qc2 31. Qe1 Qxb1 32. Qxb1 Rc1+ 33. Qxc1 Rxc1+
34. Kh2 Nxf2 35. Re1 Rxe1 36. Nxe1 Bg6 37. Kg1 Nd3 38. Nf3 a5 0-1

[Event "XVIII Festival A"]
[Site "Campobasso ITA"]
[Date "2011.07.23"]
[Round "4"]
[White "Ficco, Corrado"]
[Black "Di Muccio, Lindoro"]
[Result "1-0"]
[WhiteElo "2127"]
[BlackElo "1964"]
[PlyCount "131"]
[EventDate "2011.07.22"]

1. e4 c5 2. Nf3 d6 3. d4 cxd4 4. Nxd4 Nf6 5. Nc3 a6 6. Be3 e6 7. f4 Qc7 8. Qf3
b5 9. Bd3 Bb7 10. O-O-O Nbd7 11. Rhe1 Nc5 12. Bg1 b4 13. Nb1 Be7 14. g4 Nxd3+
15. Rxd3 d5 16. e5 Ne4 17. Nd2 O-O 18. Kb1 Rac8 19. Qe3 Nc5 20. f5 Nxd3 21.
Qxd3 exf5 22. gxf5 Bc5 23. N2f3 Bxd4 24. Nxd4 Rfe8 25. Qe2 Qe7 26. Qg4 f6 27.
e6 Rc4 28. b3 Rc3 29. Be3 Rxe3 30. Rxe3 Rc8 31. Rg3 Rc3 32. Rg2 Re3 33. Qf4
Re1+ 34. Kb2 Qc5 35. Qd2 Re4 36. Ne2 d4 37. Qh6 Qc7 38. Qxf6 Re5 39. Qf7+ Qxf7
40. exf7+ Kxf7 41. Rf2 Rd5 42. Ng3 d3 43. Rd2 dxc2 44. Rxc2 Kf6 45. Rc7 Ba8 46.
Ra7 Rd8 47. Rxa6+ Kg5 48. Ra7 g6 49. fxg6 hxg6 50. Ra4 Kg4 51. a3 Rd2+ 52. Kc1
Rxh2 53. Rxa8 Kxg3 54. axb4 Rh7 55. Rg8 Rb7 56. Rxg6+ Kf2 57. Kc2 Rxb4 58. Kc3
Rb8 59. Rc6 Kf3 60. Kc4 Rh8 61. b4 Rh4+ 62. Kc5 Rh1 63. b5 Rb1 64. Kb6 Ke4 65.
Rc2 Kd5 66. Ka6 1-0

[Event "XVIII Festival A"]
[Site "Campobasso ITA"]
[Date "2011.07.23"]
[Round "4"]
[White "Galasso, Luigi"]
[Black "Molinari, Carlo"]
[Result "0-1"]
[WhiteElo "2030"]
[BlackElo "1987"]
[PlyCount "156"]
[EventDate "2011.07.22"]

1. c4 e6 2. Nc3 Nf6 3. e4 Nc6 4. Nf3 Bb4 5. e5 Bxc3 6. bxc3 Ne4 7. Qc2 d5 8. d3
Nc5 9. d4 Ne4 10. Bd3 f5 11. exf6 Nxf6 12. O-O O-O 13. Bg5 h6 14. Bh4 Qd6 15.
c5 Qd7 16. Rfe1 a6 17. Re2 b6 18. cxb6 cxb6 19. Rae1 Qb7 20. Bxf6 gxf6 21. Re3
Rf7 22. Qd2 Rg7 23. R3e2 h5 24. Qh6 Qf7 25. Nh4 Ne7 26. g3 f5 27. Ng2 Rh7 28.
Qe3 Ng6 29. Qg5 Bd7 30. Nf4 Rg7 31. Nxh5 Ne5 32. Qxg7+ Qxg7 33. Nxg7 Nxd3 34.
Rd1 Kxg7 35. Rxd3 Bb5 36. Rdd2 Bxe2 37. Rxe2 Kf6 38. a4 Rc8 39. Rb2 Rc6 40. h4
e5 41. dxe5+ Kxe5 42. Kf1 Ke4 43. Ke2 Rxc3 44. f3+ Ke5 45. Rxb6 a5 46. Rb5 Rc2+
47. Ke3 Rc3+ 48. Ke2 Kd4 49. Rxa5 Rc2+ 50. Kf1 Ra2 51. h5 Rh2 52. Ra8 Kc3 53.
Kg1 Rxh5 54. Kg2 d4 55. Rc8+ Kd2 56. a5 f4 57. gxf4 Rxa5 58. Kf2 Rf5 59. Rc4 d3
60. Re4 Rf8 61. Re6 Rxf4 62. Re7 Rf8 63. Rc7 Kd1 64. Ke3 d2 65. Rd7 Re8+ 66.
Kf4 Ke1 67. Kg5 Rg8+ 68. Kf5 d1=Q 69. Rxd1+ Kxd1 70. f4 Kc2 71. Ke6 Re8+ 72.
Kf7 Re3 73. f5 Kd3 74. f6 Ke4 75. Kf8 Ke5 76. f7 Kf6 77. Kg8 Rg3+ 78. Kf8 Rg7
0-1

[Event "XVIII Festival A"]
[Site "Campobasso ITA"]
[Date "2011.07.23"]
[Round "4"]
[White "Grasso, Nino"]
[Black "Borino, Paolo"]
[Result "1-0"]
[WhiteElo "1987"]
[BlackElo "1917"]
[PlyCount "99"]
[EventDate "2011.07.22"]

1. e4 d6 2. d4 Nf6 3. Nc3 c6 4. Nf3 Bg4 5. Be2 Nbd7 6. O-O e5 7. h3 Bxf3 8.
Bxf3 Be7 9. Be3 O-O 10. Ne2 Re8 11. c3 Qc7 12. Ng3 Rad8 13. Nf5 Bf8 14. Qc2 d5
15. Rfe1 dxe4 16. Bxe4 exd4 17. Bxd4 g6 18. Ng3 Bd6 19. Nf1 Re7 20. Bf3 Rde8
21. Rxe7 Rxe7 22. g3 Ne5 23. Bg2 c5 24. Be3 c4 25. Bg5 Re6 26. Ne3 Nh5 27. Bd5
Re8 28. Qa4 b5 29. Qxb5 Rb8 30. Qa4 Kg7 31. Bxc4 Nxc4 32. Qxc4 Bxg3 33. Qxc7
Bxc7 34. Nd5 Bd6 35. b4 f5 36. Re1 Rb7 37. Re6 Bf8 38. a3 Kf7 39. Ra6 h6 40.
Be3 g5 41. Rxa7 Rxa7 42. Bxa7 Ke6 43. c4 Kd7 44. a4 Ng7 45. a5 Ne6 46. Bb6 Bxb4
47. Nxb4 Nf4 48. Kh2 Kc8 49. a6 Ne6 50. Nc6 1-0

[Event "XVIII Festival A"]
[Site "Campobasso ITA"]
[Date "2011.07.23"]
[Round "4"]
[White "Gromovs, Sergejs"]
[Black "Kizov, Atanas"]
[Result "1/2-1/2"]
[WhiteElo "2303"]
[BlackElo "2393"]
[PlyCount "59"]
[EventDate "2011.07.22"]

1. c4 e5 2. Nc3 Nc6 3. g3 Bc5 4. Bg2 d6 5. a3 a6 6. b4 Ba7 7. e3 Nge7 8. Nge2
O-O 9. O-O Bf5 10. d3 Qd7 11. Nd5 Nxd5 12. cxd5 Ne7 13. e4 Bh3 14. Be3 Bxg2 15.
Kxg2 Bxe3 16. fxe3 f5 17. Rc1 fxe4 18. Rxf8+ Rxf8 19. dxe4 Qg4 20. Nc3 Qg6 21.
Qe2 h6 22. a4 Rf7 23. Rf1 Kh7 24. Rxf7 Qxf7 25. Qg4 Ng8 26. Qc8 Nf6 27. Qf5+
Qg6 28. Kf3 h5 29. Qc8 Qf7 30. Ke2 1/2-1/2

[Event "XVIII Festival A"]
[Site "Campobasso ITA"]
[Date "2011.07.23"]
[Round "4"]
[White "Ionescu, Doru-Alexandru"]
[Black "Marmili, Giulio"]
[Result "1/2-1/2"]
[WhiteElo "2376"]
[BlackElo "2165"]
[PlyCount "136"]
[EventDate "2011.07.22"]

1. e4 c5 2. d3 d5 3. Nd2 Nc6 4. Ngf3 Nf6 5. g3 dxe4 6. dxe4 e5 7. c3 a6 8. a4
Be6 9. Bg2 Qd3 10. Qe2 Qxe2+ 11. Kxe2 h6 12. Ne1 Bd6 13. Nc2 O-O 14. Ne3 b5 15.
Nd5 Nd7 16. Rd1 Rfc8 17. Nf1 Bf8 18. Be3 Rab8 19. axb5 Rxb5 20. Ra2 Rcb8 21.
Rxa6 Rxb2+ 22. Nd2 Nb6 23. Kd3 Bc8 24. Rxb6 R8xb6 25. Nxb6 Rxb6 26. Kc2 Ra6 27.
Bf1 Ra2+ 28. Kb1 Ra8 29. Nb3 Bg4 30. Re1 Rb8 31. Kc2 Rc8 32. Nxc5 Bf3 33. Bd3
Nd4+ 34. cxd4 exd4 35. Bxd4 Bxc5 36. Bxc5 Rxc5+ 37. Kd2 g6 38. Ra1 Rc7 39. Ra4
h5 40. h4 Bg4 41. Bc4 Re7 42. Ra6 Kg7 43. Ke3 Bc8 44. Ra5 Be6 45. Bd3 Rb7 46.
Ra3 Rb3 47. Rxb3 Bxb3 48. Kd4 Kf6 49. f4 Bd1 50. Kd5 Ke7 51. Kd4 Kf6 52. Ke3
Bg4 53. Be2 Bc8 54. Kd4 Bd7 55. Kd5 Ke7 56. Ke5 f6+ 57. Kd5 Be6+ 58. Kd4 Bd7
59. Bc4 Ba4 60. Kd5 Bc2 61. e5 Bf5 62. Kd4 Bc8 63. Bg8 Bf5 64. Bb3 Bd7 65. Bc2
Be8 66. f5 gxf5 67. Bxf5 fxe5+ 68. Kxe5 Kf7 1/2-1/2

[Event "XVIII Festival A"]
[Site "Campobasso ITA"]
[Date "2011.07.23"]
[Round "4"]
[White "Kunin, Vitaly"]
[Black "Ljubisavljevic, Zivojin Z."]
[Result "1-0"]
[WhiteElo "2562"]
[BlackElo "2214"]
[PlyCount "81"]
[EventDate "2011.07.22"]

1. d4 Nf6 2. Nf3 e6 3. c4 c5 4. d5 b5 5. dxe6 fxe6 6. cxb5 d5 7. g3 Bd6 8. Bh3
O-O 9. O-O e5 10. Bxc8 Qxc8 11. Bg5 Nbd7 12. e4 d4 13. Nbd2 Nb6 14. Rc1 Qh3 15.
Bxf6 Rxf6 16. Ng5 Qd7 17. a4 h6 18. Ngf3 Qe6 19. a5 Nd7 20. Nh4 Rb8 21. Qe2 g6
22. b3 Kg7 23. Ra1 Be7 24. Ng2 g5 25. f4 exf4 26. gxf4 gxf4 27. Nxf4 Rxf4 28.
Rxf4 Bg5 29. Rf5 Be3+ 30. Kh1 Kh8 31. Nc4 Bg5 32. Rg1 Nf6 33. Ne5 Rg8 34. Qf3
Kh7 35. b6 axb6 36. a6 b5 37. a7 c4 38. bxc4 bxc4 39. Rgxg5 hxg5 40. Rxf6 Qxe5
41. Qh5+ 1-0

[Event "XVIII Festival A"]
[Site "Campobasso ITA"]
[Date "2011.07.23"]
[Round "4"]
[White "Lazarev, Vladimir"]
[Black "Stromboli, Carlo"]
[Result "1-0"]
[WhiteElo "2445"]
[BlackElo "2304"]
[PlyCount "82"]
[EventDate "2011.07.22"]

1. d4 d5 2. c4 c6 3. Nf3 Nf6 4. e3 Bg4 5. Nc3 e6 6. Qb3 Qb6 7. Nh4 Nbd7 8. h3
Bh5 9. g4 Bg6 10. Nxg6 hxg6 11. Bg2 dxc4 12. Qxc4 Qb4 13. Qxb4 Bxb4 14. Ke2 Rd8
15. f4 Nb6 16. Nd1 Be7 17. Nf2 Nfd5 18. Nd3 Nd7 19. Bd2 c5 20. e4 N5b6 21. Be3
Nc4 22. Bf2 cxd4 23. Bxd4 e5 24. Rac1 exd4 25. Rxc4 Nb6 26. Rc7 Rd7 27. Rhc1
Kd8 28. Rxd7+ Kxd7 29. Nc5+ Bxc5 30. Rxc5 a5 31. Rb5 Kc6 32. Rxa5 d3+ 33. Kxd3
Rd8+ 34. Kc3 Rd1 35. e5+ Kc7 36. Ra7 Nd5+ 37. Bxd5 Rxd5 38. Ra8 g5 39. Rf8 gxf4
40. Rxf7+ Kc6 41. Rxf4 Rxe5 1-0

[Event "XVIII Festival A"]
[Site "Campobasso ITA"]
[Date "2011.07.23"]
[Round "4"]
[White "Meijers, Viesturs"]
[Black "Doronzo, Michele"]
[Result "1-0"]
[WhiteElo "2492"]
[BlackElo "1952"]
[PlyCount "81"]
[EventDate "2011.07.22"]

1. d4 Nf6 2. Bg5 e6 3. e4 Be7 4. e5 Nd5 5. Bxe7 Nxe7 6. Nc3 b6 7. Qg4 Nf5 8.
Bd3 h5 9. Qg3 Nc6 10. Bxf5 exf5 11. Nge2 g6 12. Nd5 Bb7 13. Qf4 Kf8 14. f3 Ne7
15. Nxe7 Qxe7 16. O-O-O Bd5 17. Nc3 Qe6 18. h4 Rc8 19. Kb1 a6 20. Rh2 b5 21. g4
fxg4 22. fxg4 Ke8 23. Nxd5 Qxd5 24. g5 Rh7 25. Rf2 c5 26. c3 c4 27. Re1 Rc6 28.
a3 Re6 29. Ref1 Rb6 30. Qf3 Qxf3 31. Rxf3 Re6 32. a4 Ke7 33. a5 Ke8 34. Ka2 Ke7
35. Ka3 Ke8 36. Kb4 Ke7 37. Rf6 d6 38. exd6+ Rxd6 39. Rxd6 Kxd6 40. Rf6+ Kd5
41. Rxa6 1-0

[Event "XVIII Festival A"]
[Site "Campobasso ITA"]
[Date "2011.07.23"]
[Round "4"]
[White "Mirzoev, Azer"]
[Black "Ikonnikov, Vyacheslav"]
[Result "1/2-1/2"]
[WhiteElo "2415"]
[BlackElo "2553"]
[PlyCount "33"]
[EventDate "2011.07.22"]

1. c4 e5 2. Nc3 Nc6 3. g3 g6 4. Bg2 Bg7 5. Nf3 d6 6. O-O Nge7 7. d3 O-O 8. Rb1
a5 9. a3 Nd4 10. b4 Nxf3+ 11. Bxf3 axb4 12. axb4 h6 13. Nd5 c6 14. Nxe7+ Qxe7
15. Bg2 Be6 16. b5 d5 17. bxc6 1/2-1/2